Statistics for MCU Actors

Click here to take the quiz!

General Stats

  • This quiz has been taken 43 times
    (28 since last reset)
  • The average score is 40 of 73

Answer Stats

HintAnswer% Correct
Ant Man / Scott LangPaul Rudd
96%
Doctor Strange / Stephen StrangeBenedict Cumberbatch
91%
DormammuBenedict Cumberbatch
91%
Iron Man / Tony StarkRobert Downey, Jr.
91%
Black Panther / T’ChallaChadwick Boseman
87%
Captain America / Steve RogersChris Evans
87%
Loki LaufeysonTom Hiddleston
87%
Thor OdinsonChris Hemsworth
83%
Star-Lord / Peter QuillChris Pratt
83%
Hawkeye / Clint BartonJeremy Renner
83%
The Hulk / Bruce BannerMark Ruffalo
83%
Black Widow / Natasha RomanoffScarlet Johansson
83%
Winter Soldier / Bucky BarnesSebastian Stan
83%
Stan LeeStan Lee
83%
Spider-Man / Peter ParkerTom Holland
83%
Falcon / Captain America III / Sam WilsonAnthony Mackie
78%
Mysterio / Quentin BeckJake Gyllenhaal
78%
Killmonger / Erik StevensMichael B. Jordan
78%
Nick FurySamuel L. Jackson
78%
Michelle JonesZendaya
78%
Captain Marvel / Carol DanversBrie Larson
74%
Scarlet Witch / Wanda MaximoffElizabeth Olsen
74%
GrootVin Diesel
74%
WongBenedict Wong
70%
Thanos / Mad Titan / Captain GenocideJosh Brolin
70%
DraxDave Bautista
65%
HeimdallIdris Elba
65%
Vision / J.A.R.V.I.S.Paul Bettany
65%
GamoraZoe Saldana
65%
Jane FosterNatalie Portman
61%
Quicksilver / Pietro MaximoffAaron Taylor-Johnson
57%
OdinAnthony Hopkin
57%
War Machine / James “Rhodey” RhodesDon Cheadle
57%
Pepper PottsGwyneth Paltrow
57%
Happy HoganJon Favreau
57%
NebulaKaren Gillian
57%
Agatha HarknessKathryn Haan
57%
Rocket RaccoonBradley Cooper
52%
Hela OdinsdottirCate Blanchett
52%
Maria HillCobie Smulders
52%
Captain Carter / Margaret “Peggy” CarterHayley Atwell
52%
The GrandmasterJeff Goldblum
52%
EgoKurt Russel
52%
MantisPom Klementieff
52%
The Hulk / Bruce BannerEdward Norton
48%
Wasp / Hope van DyneEvangeline Lilly
43%
Ned LeedsJacob Batalon
43%
Iron Monger / Obadiah StaneJeff Bridges
43%
J. Jonah JamesonJ. K. Simmons
43%
LuisMichael Peña
43%
Yondu UdontaMichael Rooker
43%
Howard StarkDominic Cooper
39%
Sharon CarterEmily van Camp
39%
UltronJames Spader
39%
FriggaRene Russo
39%
Valkyrie / BrunhildeTessa Thompson
39%
Ava Starr / GhostHannah John-Kamen
35%
Yon-RoggJude Law
35%
Darcy LewisKat Dennings
35%
Whiplash / Ivan VankoMickey Rourke
35%
War Machine / James “Rhodey” RhodesTerrence Howard
35%
OkoyeDanai Gurira
30%
ShuriLetetia Wright
30%
KorgTaika Watiti
30%
Ronan the AccuserLee Pace
26%
Red Skull / Johann SchmidtRoss Marquand
17%
Howard the DuckSeth Green
17%
KorathDjimon Hounsou
13%
Proxima MidnightCarrie Coon
9%
LaufeyColm Feore
9%
Cull ObsidianTerry Notary
9%
Ebony Maw / SquidwardTom Vaughan-Lawlor
9%
Corvus GlaiveMichael James Shaw
4%

Score Distribution

Percentile by Number Answered

Percent of People with Each Score

Your Score History

You have not taken this quiz since the last reset